|
|
|
|
| LEADER |
00000nab a2200000 a 4500 |
| 001 |
vtls000551663 |
| 003 |
SK-MaSNL |
| 005 |
20260304083108.0 |
| 008 |
250425c1995 xo 0 slo |
| 015 |
|
|
|a SNBRB19rr/mm-uuuuu
|
| 035 |
|
|
|a CL0551801
|
| 035 |
|
|
|a urn:nbn:sk:snk-abf6jb
|
| 035 |
|
|
|a (urnnbn)urn:nbn:sk:snk:ar-000292
|
| 035 |
|
|
|a (uuid)43fce1c6-9569-4def-9343-ee33edf99566
|
| 040 |
|
|
|a SNKBUCL
|b slo
|c SNKBUCL
|e AACR2
|
| 041 |
0 |
|
|a slo
|
| 044 |
|
|
|a xo
|c SK
|
| 080 |
|
|
|a 82.09:885.4-3(048)
|2 1981
|
| 080 |
|
|
|a 885.4-3(048)
|2 1981
|
| 100 |
1 |
|
|a Hamada, Milan,
|d 1933-2023
|4 aut
|9 222212
|
| 245 |
1 |
0 |
|a Václav Pankovčín: Marakéš
|c Milan Hamada
|
| 500 |
|
|
|a V rubrike Konfrontácie
|
| 650 |
0 |
7 |
|a humoristické poviedky
|2 snkbucl
|9 74226
|
| 655 |
|
7 |
|a články z novín a časopisov
|2 snkbucl
|9 267496
|
| 655 |
|
7 |
|a články z odboru literárna veda a krásna literatúra
|2 snkbucl
|9 770045
|
| 700 |
1 |
|
|a Pankovčín, Václav,
|d 1968-1999
|4 aut
|9 13244
|
| 773 |
0 |
|
|t Romboid
|g Roč. 30, č. 5 (1995), s. 37-38
|x 0231-6714
|
| 787 |
0 |
8 |
|i Rec.:
|a Pankovčín, Václav
|t Marakéš
|d Bratislava : Sumus, 1994
|
| 850 |
|
|
|a Slovenská národná knižnica
|
| 852 |
|
|
|a Slovenská národná knižnica
|
| 958 |
|
|
|a article23
|
| 958 |
|
|
|a RK
|
| 958 |
|
|
|a LX
|
| 958 |
|
|
|a SK
|
| 958 |
|
|
|a OND
|
| 958 |
|
|
|a EUIPO
|
| 992 |
|
|
|a RBX
|
| 999 |
|
|
|c 2799513
|d 2801443
|